000 00478nam a22001697a 4500
003 OSt
005 20251024010617.0
008 251007b |||||||| |||| 00| 0 eng d
020 _a971-581-157-4.
040 _aDWCL-Main lib
_cOC
082 _aR. 080 N968 2005
245 _aNuggets of wisdom
260 _aCaloocan City :
_bPhilippine Pub. House,
_cc2005.
300 _a175 pages :
_bcolored illustration ;
_c25 cm
650 _21. Quotations.
942 _2ddc
_cBK-0 CIRC
_kR.
_n0
999 _c4680
_d4680